000
00231nam a22000977a 4500
003
SGT
245
_a
Journal of Indian Academy of Oral Medicine Radiology
260
_b
Wolters Kluwer Publisher
_c
2022
300
_a
498
942
_2
ddc
_c
BV
999
_c
30448
_d
30448